Statistics for Ncaa Power 5-Yellow or Gold

Click here to take the quiz!

General Stats

  • This quiz has been taken 7 times
  • The average score is 21 of 24

Answer Stats

HintAnswer% Correct
B-12Baylor
100%
Pac-12Cal
100%
Pac-12Colorado
100%
B-10Iowa
100%
B-12Iowa State
100%
B-10Maryland
100%
B-10Michigan
100%
B-10Minnesota
100%
SECMissouri
100%
Pac-12ucla
100%
Pac-12USC
100%
Pac-12Arizona State
86%
accGeorgia Tech
86%
SECLSU
86%
accNotre Dame
86%
Pac-12Oregon
86%
B-10Purdue
86%
SECVanderbilt
86%
accWake Forest
86%
B-12West Virginia
86%
accPitt
71%
Pac-12Washington
71%
B-12Kansas
57%
B-12UCF
29%

Score Distribution

Percentile by Number Answered

Percent of People with Each Score

Your Score History

You have not taken this quiz